| 000 | 00779nam a2200241 a 4500 | ||
|---|---|---|---|
| 001 | 000039955 | ||
| 005 | 20250527115319.0 | ||
| 008 | 090908s1995 dr a 001 0 spa d | ||
| 040 |
_aDO-SdBNP _bspa _cBNPHU |
||
| 082 |
_a658 _bG958c |
||
| 100 | 1 |
_aGuillermo, Edgar _918632 |
|
| 245 | 1 | 0 |
_aCompendio de administración : _bteoría y práctica / _cEdgar Guillermo, Eleido Rodríguez, William Rodríguez. |
| 250 | _a3a. ed. | ||
| 260 |
_aSanto Domingo :, _c1995. |
||
| 300 |
_a240 : _bil ; _c22 cm. |
||
| 504 | _aBibliografía : p. 231-233 | ||
| 650 | 0 |
_aAdministración industrial _95872 |
|
| 650 | 0 |
_aAdministración _920440 |
|
| 650 | 0 |
_aPlanificación empresarial _91780 |
|
| 700 | 1 |
_aRodríguez, Ele _966171 |
|
| 700 | 1 |
_aRodríguez, William _966172 |
|
| 049 | _aEn proceso | ||
| 999 |
_c39445 _d39445 |
||